000 00418nam a22001697a 4500
003 NUST - PNEC
005 20170116180934.0
008 150906b xxu||||| |||| 00| 0 eng d
020 _a8120323963
040 _cLIBRARY
082 _a621.317 ASG
100 _98373
_aAsghar, M.S. Jamil
245 _aPower electronics
_cM.S. Jamil Asghar
260 _cc.2004
650 _98370
_aElectronics
_xEL
942 _2ddc
_cBK
999 _c65964
_d65964